000
00316nam a2200133Ia 4500
005
20251222140100.0
008
251222s1900||||xx |||||||||||||| ||spa||
020
_a
950-9034-03-4
082
_a
121.2/M26
100
_a
Maritain, Jacques
245
0
_a
Los Grados del Saber:
264
_b
Club de Lectores
942
_c
LIB
999
_c
3908
_d
3908